Y Ahora No - Nerea Rodríguez - Estadísticas

Estadísticas generales
  • Esta prueba ha sido intentada 26 veces
  • La puntuación promedio es 286 de 326
Estadísticas de respuestas
Letra % Correcto
a
100%
ahora
100%
de
100%
De
100%
el
100%
En
100%
es
100%
Esto
100%
la
100%
Lo
100%
lo
100%
más
100%
100%
No
100%
no
100%
por
100%
Que
100%
que
100%
Quiero
100%
Se
100%
100%
100%
Si
100%
sin
100%
Sin
100%
te
100%
ti
100%
tu
100%
un
100%
Una
100%
una
100%
vas
100%
vez
100%
voy
100%
Y
100%
y
100%
ya
100%
casualidad
50%
correcto
50%
cruzamos
50%
cuestión
50%
decirnos
50%
diera
50%
entendimos
50%
entre
50%
esperar
50%
esta
50%
estás
50%
Fue
50%
gente
50%
mirarnos
50%
momento
50%
nada
50%
noche
50%
Nos
50%
nos
50%
oportunidad
50%
pedí
50%
poder
50%
puedo
50%
Quédate
50%
querer
50%
soltarnos
50%
suerte
50%
tanta
50%
todo
50%
vengas
50%
ahí
0%
cómo
0%
detenerlo
0%
dicen
0%
esconderlo
0%
Hoy
0%
Junto
0%
oscuridad
0%
piel
0%
poco
0%
Prefiero
0%
reglas
0%
rompí
0%
siempre
0%
suspiros
0%
Tus
0%
verdad
0%
No se encontraron pruebas coincidentes
Distribución de puntuación
Porcentaje de gente con cada puntuación
Porcentaje por número respondido
Historial de tus puntuaciones
No has intentado esta prueba.